00636nam a2200193 i 4500001000700000003000700007005001700014008004100031020001800072080001100090080001100101100003700112245006900149260004000218300002900258650002900287651003300316852009300349188018SpMaBN20250716063340.0180411s1979 fr |||| | fre d a2-246-00771-2 a316.42 a35(44)1 aCrozier, Michel,d1922-2013eaut10aOn ne change pas la société par décret / cMichel Crozier. aParis : bBernard Grasset, c[1979] a298 páginas ; c20 cm. 4aCambio social-zFrancia. 4aFrancia-xPolítica social. aES-MaACLcDEPO2hDonat. herederos de la bibl. de Mª del Pilar Costa PalacínjL-31903